00361nam a2200145Ia 4500003000400000005001700004008004000021040000700061041001200068082001300080100002400093245004500117260004500162300000800207OSt20221105121506.0210210b1967 xxu||||| |||| 00| 0 eng d cAL aEnglish a530 RAOG aRAO (B V Narayana). aGeneral physics and properties of matter aBangalorebAmbika Publishing Housec1967 a246